| 000 | 00841nam a2200241 a 4500 | ||
|---|---|---|---|
| 001 | 000024822 | ||
| 005 | 20200930023406.0 | ||
| 008 | 110203s2001 sp a r 000 | spa d | ||
| 020 | _a8420531677 | ||
| 040 |
_aDO-SdBNP _bspa _cBNPHU |
||
| 082 |
_a519.5 _bP944t |
||
| 100 | 1 |
_aPérez López, César _950936 |
|
| 245 | 1 | 0 |
_aTécnicas Estadisticas con spss / _cCésar Pérez López; editora Isabel Capellan. |
| 260 |
_aMadrid, (España) : _bPearsón Educación, _c2001. |
||
| 300 |
_axix, 571 p. : _bil. ; _c24 cm. |
||
| 500 | _aIncluye índice analítico | ||
| 500 | _aPublicado también en CD-ROM | ||
| 650 | 4 |
_aEstadísticas con ayuda del computador _950937 |
|
| 650 | 4 |
_aSpss (programa para computador) _950938 |
|
| 650 | 4 |
_aSpss para windows (programa para computador) _950939 |
|
| 650 | 4 |
_aAnálisis de datos _950940 |
|
| 049 | _aBNGR | ||
| 999 |
_c24315 _d24315 |
||